État général des Tapisseries de la manufacture des Gobelines (Record no. 8033)

MARC details
000 -CABECERA
campo de control de longitud fija 01205nam a2200277 a 4500
001 - NÚMERO DE CONTROL
campo de control BRCA_8365
005 - FECHA Y HORA DE LA ÚLTIMA TRANSACCIÓN
campo de control 20190320210242.0
008 - DATOS DE LONGITUD FIJA--INFORMACIÓN GENERAL
campo de control de longitud fija 290714s1903----fr-a###f##---#001-0#fre-#
041 ## - CÓDIGO DE LENGUA
Código de lengua del texto/banda sonora o título independiente fre
044 ## - CÓDIGO DEL PAÍS DE LA ENTIDAD EDITORA/PRODUCTORA
Código MARC del país fr
050 #4 - SIGNATURA TOPOGRÁFICA DE LA BIBLIOTECA DEL CONGRESO
Número de clasificación NK3049
Número de documento/Ítem .F46 1903
100 1# - ENTRADA PRINCIPAL--NOMBRE DE PERSONA
Nombre de persona Fenaille, Maurice
9 (RLIN) 20958
245 10 - MENCIÓN DE TÍTULO
Título État général des Tapisseries de la manufacture des Gobelines
Resto del título depuis son origine jusqu´a nos jours 1600-1900
Mención de responsabilidad, etc. publié par Maurice Fenaille.
260 ## - PUBLICACIÓN, DISTRIBUCIÓN, ETC.
Lugar de publicación, distribución, etc. Paris
Nombre del editor, distribuidor, etc. Hachette
Fecha de publicación, distribución, etc. 1903
300 ## - DESCRIPCIÓN FÍSICA
Extensión 4 v.
Otras características físicas il. (algunas a color), 414 láminas
Dimensiones 39 cm.
500 ## - NOTA GENERAL
Nota general Cuatro ejemplares inventariados como un solo libro por el Banco de México
500 ## - NOTA GENERAL
Nota general Ejemplares con número 199 de 325
500 ## - NOTA GENERAL
Nota general Edición de cantos dorados
500 ## - NOTA GENERAL
Nota general Incluye tabla cronológica, índice de materias e índice de grabados
500 ## - NOTA GENERAL
Nota general R101
505 0# - NOTA DE CONTENIDO CON FORMATO
Nota de contenido con formato v.1 Période de Fondation (1662-1699).-- v.2 Période du Dix-huitiéme siécle (1699-1736).-- v.3 Période du Dix-huitiéme siécle -deuxiéme partie- (1737-1793).-- v.4 Période du Dix-neuviéme siécle (1794-1900)
650 14 - PUNTO DE ACCESO ADICIONAL DE MATERIA--TÉRMINO DE MATERIA
Término de materia o nombre geográfico como elemento de entrada Tapices
Subdivisión cronológica 1600-1900
Subdivisión geográfica Francia
9 (RLIN) 20959
650 14 - PUNTO DE ACCESO ADICIONAL DE MATERIA--TÉRMINO DE MATERIA
Término de materia o nombre geográfico como elemento de entrada Gobelinos
Subdivisión cronológica 1600-1900
Subdivisión geográfica Francia
9 (RLIN) 20960
902 ## - CATALOGADOR
Iniciales GFM
942 ## - ELEMENTOS DE PUNTO DE ACCESO ADICIONAL (KOHA)
Fuente del sistema de clasificación o colocación Library of Congress Classification
Tipo de ítem Koha Libros
Holdings
Estado de retiro Estado de pérdida Estado dañado No para préstamo Localización permanente Ubicación/localización actual Fecha de adquisición Número de inventario Total de préstamos Signatura topográfica completa Código de barras Fecha visto por última vez Precio válido a partir de Tipo de ítem Koha
El ejemplar forma parte de la colección y puede ser consultado según las políticas vigentes.       Biblioteca del Museo Franz Mayer (Rogerio Casas-Alatriste) Biblioteca del Museo Franz Mayer (Rogerio Casas-Alatriste) 29/07/2014 R101   NK3049 .F46 1903 (R101) 8989 22/03/2019 22/03/2019 Libros